000 01448nam a2200205Ia 4500
003 OSt
005 20260223094840.0
008 210210b1970 xxu||||| |||| 00| 0 eng d
040 _cAL
041 _aeng
082 _a823.91 CONC
100 _aArthur Conan Doyle
_9256399
245 _aCase book of Sherloc Holmes
260 _aN Y
_bBerkley Publishing Corporation
_c1970
300 _a254
520 _a"His career has been a long one," Arthur Conan Doyle notes of his immortal creation, Sherlock Holmes. Doyle made his observation in the 1920s, when the detective had already been thrilling readers for 40 years, and he modestly attributed his hero's success to "the patience and loyalty of the British public." Nearly a century later, the fictional sleuth continues to captivate imaginations around the world and to inspire modern-day reinterpretations. By the twentieth century Doyle had moved on to other literary endeavors but the public demand for further adventures of the Baker Street sleuth proved irresistible. The Casebook of Sherlock Holmes is the last such work to be regarded as canon, a collection of stories written before other writers claimed the character and his associates as their own. Here are a dozen tales of passion, revenge, greed, and murder&;the final adventures of the great detective, as recounted by the master storyteller himself.
690 _aEnglish Fiction
_9256400
906 _a029665
942 _2ddc
_cBK
999 _c80879
_d80879